Visualizzazione normale
Vista MARC
- Scott Alan Roy
di Personal Name
Records bibliografici associati: 1
001 - CONTROL NUMBER
- control field: 22634
003 - CONTROL NUMBER IDENTIFIER
- control field: IT-RoPau
005 - DATE AND TIME OF LATEST TRANSACTION
- control field: 20140428150515.0
008 - FIXED-LENGTH DATA ELEMENTS
- fixed length control field: 140428|| aca||aabn | a|a d
040 ## - CATALOGING SOURCE
- Original cataloging agency: IT-RoPau
- Transcribing agency: IT-RoPau
100 ## - HEADING--PERSONAL NAME
- Personal name: Scott Alan Roy
- Dates associated with a name: Codice autore SPICS: 19937
- Relator term: Autore
- Name of part/section of a work: Hot Summer Nights
670 ## - SOURCE DATA FOUND
- Source citation: Work cat.: (IT-RoPau)101485: AA.VV. 794, Top Gun